[Prevenció d'incendis separadors carpeta]
Descripción Física:
3 f. DNI A4
MARC
| LEADER | 00000nam a2200000Ia 4500 | ||
|---|---|---|---|
| 001 | 24412 | ||
| 008 | 160829s9999 xx 000 0 cat d | ||
| 080 | |a NBM-9-19 | ||
| 245 | |a [Prevenció d'incendis separadors carpeta] | ||
| 260 | |a [Barcelona] : |b [Diputació de Barcelona], [2013] | ||
| 300 | |a 3 f. DNI A4 | ||
| 650 | 0 | |a Incendis forestals |x Prevenció i control |9 50256 | |
| 710 | 1 | |a Barcelona (Catalunya : Província). |b Diputació |9 52408 | |
| 901 | |a Arxiu | ||
| 942 | |n 1 | ||
| 952 | |0 0 |1 0 |4 0 |6 NBM919 |7 1 |9 55203 |a Arxiu |b Arxiu |d 2016-12-01 |l 0 |o NBM-9-19 |p 24412 |r 2016-12-01 00:00:00 |w 2016-12-01 |y ARXIU | ||
| 999 | |c 59075 |d 59075 | ||